Statistics for Ultimate Diary Of A Wimpy Kid Quiz Pt.1

Click here to take the quiz!

General Stats

  • This quiz has been taken 188 times
  • The average score is 13 of 126

Answer Stats

HintAnswer% Correct
What is the name of the main character?Greg Heffley
96%
What is the name of his best frenemy?Rowley Jefferson
78%
What is his big brother's name?Rodrick
60%
What style of music do they play?Heavy Metal
58%
What is his little brother's name?Manny
58%
What is the name of his band?Loded Diper
57%
When Greg goes outside for PE, what does he find on the basketball court?A mouldy piece of cheese
50%
What name does his brother call him?Bubby
50%
What Phenomenon did this cause?The Cheese Touch
45%
Who does Greg think is the most popular boy in his grade?Bryce Anderson
35%
When he does this however, he always encounters a weird kid who lives halfway between them. What is his name?Fregley
26%
How do you protect yourself from the phenomenon?Cross your fingers/ Avoid the person with it
23%
Sometimes his parents don't allow him to do this at home. Where does he go when this is the case?Rowley's house
23%
What Halloween Costume does Greg wear?Pirate
21%
What else does he like to do in his spare time?Play Video Games
21%
Who Plays the role of Dorothy?Patty Farrell
20%
Towards the end of their Trick-Or Treating adventure a truck of people come up towards them. What age group were they?Teenagers
19%
Who Does Greg decide to play as?Tree
18%
What Costume does Rowley get for Halloween?Knight
17%
What was Greg's first PE unit?Wrestling
17%
In the Student Government Elections, which position does Greg apply for?Treasurer
16%
Where does he think his friend is on the ladder?150th
15%
Which place does Greg see himself on the High School Popularity ladder?52nd or 53rd
14%
Who touched the thing?Darren Walsh
14%
Who does Greg get paired with and ultimately humiliated by?Fregley
14%
Who foils his plan?Patty Farrell
14%
In the spring Football Unit, there are two teams. What team does Greg always get put on?Skins
14%
What is the play that they do?The Wizard of Oz
13%
What is Gregs favourite morning activity?Sleeping
12%
Who got most of the gifts on Christmas?Manny
11%
Which reading group did Greg want to be a part of?Easy
10%
Which group was he put in anyway?Gifted
10%
What do the teenagers make Rowley do?Eat the Cheese
9%
Greg Quit his job as a cartoonist. Who replaced him?Rowley
9%
What does the teacher call Greg's voice which causes the girls to giggle?Soprano
9%
What do they do?Spray Greg and Rowley with a fire extinguisher
9%
What is the one present that Greg really wants for Christmas?Twisted Wizard
9%
What were the first three lines of the song Greg and his trees had to sing?We Three Trees
9%
Why did Greg decide to write in his diary?Because he thinks he will be famous in the future and doesn't want his time wasted
8%
Who was actually responsible?Greg
8%
At What Cost?Greg had to take Manny with him
8%
How did the phenomenon end?He moved to California
8%
What Ultimately happened to most of their candy?It got soaked by Gregs Dad
8%
What does Gregs mum throw in the bin that is meant for him?Bouquet of flowers
7%
What Class favourite does Greg aspire to be?Class Clown
7%
Where was the safe house the Greg and Rowley stayed in to escape the wrath of the teenagers?Gramma's House
7%
What profit did he make?$2
6%
Greg hides out in the bathroom. Around 11:30 he gets a note. What was on it?Booger
6%
What is the only line that Greg initially gets as a tree?Ouch
6%
Due to the large number of people who auditioned, some people get some non speaking roles. Who got the role of a shrub?Rodney James
6%
Chaos quickly ensues.What happens to Patty's glasses?They Break
6%
When They began to drive away, What did Greg shout at them?We're Calling The Cops!
6%
What did he get for that Christmas from his uncle instead?Beach Fun Barbie
5%
When they decide to have a sleepover, who does Greg decide to befriend?Fregley
5%
How long has it been there for?Since last spring (whenever that was)
5%
What does Gregs group write about what a robot shouldn't say that gets the group into trouble?Swearwords
5%
Who was the last person with the phenomenon?Abe Hall
4%
The Play was delayed. Why?Because Rodney James had stage fright
4%
What are the two groups that form as a result of disagreements?Boys and Girls
4%
Why does he relatively enjoy this?He sits next to a map with the answers on it
4%
Why was this the case?His mother is tight with the principal
4%
What does Greg sign up for with Rowley?Safety Patrol
4%
Rowley and Greg find a way to play with the big wheel. One of them rides down the hill. What does the other person do?Throw a ball at them
4%
What was she supposed to get him?Twisted Wizard
4%
What Punch line does Greg come up with but comes to despise and gets taken by Rowley?Zoo-Wee Mama
4%
What gift did Rowley get Greg?A Big Wheel
3%
As a result of this, what does Rowley get that makes Greg jealous?Attention
3%
What did his father get him?A Weight Set
3%
What was his groups first assignment?Building a Robot
3%
What position in the newspaper became available?Cartoonist
3%
During one Halloween, Greg and his friend go to a haunted house run by high schoolers. What is it called?Crossland High School Haunted House
3%
How long was the play delayed for?Half an Hour
3%
When Greg sleeps over with him, the guy gets a sugar rush. Why?He Broke into his bag of jellybeens
3%
What was the name of the movie that the school showcased to the students in the general assembly to try to boost self esteem?It's Great to be Me
3%
Who is his opponent?Marty Porter
3%
Initially Greg thought his brother wouldn't show up to the play because he had to wear a tie. What did his brother do so he could come?Rented a Clip on Tie
3%
Which road did they make their escape through?Snake Road
3%
How does it go?Terribly
3%
In the middle of the fight who shows up?The Teenagers who Greg Threatened to call the cops on
3%
Who learns their lines for the play?Almost Nobody
2%
Initially the trees had no holes in them for arms, but this was changed. Why?Because Archie Kelly tripped and chipped his tooth
2%
Why?Because he doesn't have to sing and can pelt Patty with apples.
2%
Why did he decide to be friends with his frenemy?Because he pitied him
2%
What did he get his big brother?Book about Rock Bands
2%
Who Previously held the position?Bryan Little
2%
What did he do?Chased the kids with a worm
2%
As a result, Rowley and Greg's friendship deteriorates. Who does Rowley hang out with now?Collin Lee
2%
What does Greg do the next day when walking with Rowley?Confess
2%
What is Gregs alternate comic idea?Creighton the Cretin
2%
What was the name of one of the comics written by girls that Greg saw when he went in to submit his comic?Girls Rule
2%
Who saw him?Mrs Irvine
2%
When Greg knocks Rowley off the big wheel, what happens?Rowley Breaks his hand
2%
What does Rowley do as a result?Snitch on Greg
2%
What test does Greg do in his Geography class?US State Capitals
2%
What Record did Greg want to break when it snowed?World's Largest Snowman
2%
Greg's Brother was also in trouble. Why?Accidentaly giving an innapropriate magazine to Manny
1%
What Happens?A kid refuses to come out from under the bed
1%
What did Greg's uncle get him for Christmas?A picture of himself
1%
One night Greg decides to play heavy metal up really high but with headphones on? Why did his dad catch him?Because he forgot to plug in the headphone jack
1%
What was the name of the book his big brother got him?Best of Lil Cutie
1%
What did Manny do in the Christmas catalog that really irritated Greg?Circling everything
1%
What does Greg decide to try as a result?Copying the idea
1%
Rowley and Greg get into a fight after greg asks something. What is that something?Credit
1%
When they try to make Greg do that, he makes up an excuse. What was the excuse?Dairy Allergy
1%
What did Greg really want for Christmas when he was 7 years old?Doll House
1%
What was Greg and Rowleys job in this group?Escorting Kindergartners
1%
How does the story end?Greg and Rowley become friends again
1%
Why does Greg get grounded on New Years Eve?He Forces Manny to accidentaly swallow a piece of thread that Manny thinks is a spider
1%
What does Greg try to do to counter this?Immitate
1%
What is the class that Greg signs up for in the third quarter of the school year?Independant Studies
1%
What prevented him from achieving this?It stopped Snowing
1%
What was the biggest problem with the play?Nobody could remember their lines
1%
What was the punishment?No Video Games for two weeks
1%
Greg sees Patty Farrell looking angrily at him. What does he decide to do next?Pelt apples at her
1%
What did his mum get him?Red Sweater
1%
What means does Greg try to use to beat his opponent?Smear Campaign/Defematory slogans
1%
One day, Rowley gets suspended from Safety Patrol for a week. What was it for?Terrorising Kindergartners
1%
What results from this?The Play Closes down
1%
Why?To become more popular
1%
What gift did Greg get his little brother?Toy Helicopter
1%
What does Greg beg his mum not to make him do?Try out for the winter play
1%
What Comic did he run?Wacky Dawg
1%
During the play, Manny calls Greg Bubby. Who do the people think he called Bubby?Archie Kelly
0%
How does she do this?Gets the teacher to cover the map up
0%
What is the song that the teacher makes everyone sing?My Country Tis For Thee
0%
Greg decides to not sing the song. What happens after a few seconds?The other trees stop singing
0%

Score Distribution

Percentile by Number Answered

Percent of People with Each Score

Your Score History

You have not taken this quiz